Advanced dBASE III Plus

Salvato in:
Dettagli Bibliografici
Autore principale: Knecht, Ken
Natura: Libro
Lingua:inglese
Pubblicazione: Glenview Scott, Foresman and Co. 1988
Edizione:1. ed.
Tags: Aggiungi Tag
Nessun Tag, puoi essere il primo ad aggiungerne!!

MARC

LEADER 00000nam a2200000 4500
001 c028121
005 20221219115438.8
041 0 |a eng 
044 |a US 
245 1 0 |a Advanced dBASE III Plus  |c Ken Knecht 
250 |a 1. ed. 
264 1 |a Glenview  |b Scott, Foresman and Co.  |c 1988 
300 |a 440 s. 
100 1 |a Knecht, Ken